000 00482nam a2200169Ia 4500
008 220531s9999 xx 000 0 und d
041 _amar
100 _aसाळुंखे सर्जेराव
_949520
245 _aसमाजशास्‍त्र मूलभूत संकल्‍पना
250 _a1ST
260 _bNarendra
_c2006
300 _a395
542 _d31-03-2007
650 _aSociology
_949521
906 _d2006-2007
999 _c28943
_d28943